Augusto H. Alvarez Arquitecto y Asociados S. C. (Record no. 20691)
[ view plain ]
| 000 -CABECERA | |
|---|---|
| campo de control de longitud fija | 01124nam a2200289 i 4500 |
| 003 - IDENTIFICADOR DEL NÚMERO DE CONTROL | |
| campo de control | OSt |
| 005 - FECHA Y HORA DE LA ÚLTIMA TRANSACCIÓN | |
| campo de control | 20260601171016.0 |
| 008 - DATOS DE LONGITUD FIJA--INFORMACIÓN GENERAL | |
| campo de control de longitud fija | 260508b1996\\\\mx\a||||\||||\00|\0\spa\d |
| 020 ## - NÚMERO INTERNACIONAL ESTÁNDAR DEL LIBRO | |
| Número Internacional Estándar del Libro | 9688873195 |
| 040 ## - FUENTE DE LA CATALOGACIÓN | |
| Centro catalogador/agencia de origen | ICI |
| Lengua de catalogación | spa |
| Centro/agencia transcriptor | ICI |
| 041 ## - CÓDIGO DE LENGUA | |
| Código de lengua del texto/banda sonora o título independiente | spa |
| 050 ## - SIGNATURA TOPOGRÁFICA DE LA BIBLIOTECA DEL CONGRESO | |
| Número de clasificación | NA759.A683 |
| Número de documento/Ítem | A4 1996 |
| 100 ## - ENTRADA PRINCIPAL--NOMBRE DE PERSONA | |
| Término indicativo de función/relación | autor |
| 245 #1 - MENCIÓN DE TÍTULO | |
| Título | Augusto H. Alvarez Arquitecto y Asociados S. C. |
| Mención de responsabilidad, etc. | presentacion Antonio Creixell |
| 264 #1 - PRODUCCIÓN, PUBLICACIÓN, DISTRIBUCIÓN, FABRICACIÓN Y COPYRIGHT | |
| Producción, publicación, distribución, fabricación y copyright | México : |
| Nombre del de productor, editor, distribuidor, fabricante | Gustavo Gili, |
| Fecha de producción, publicación, distribución, fabricación o copyright | 1996 |
| 300 ## - DESCRIPCIÓN FÍSICA | |
| Extensión | 72 páginas |
| Otras características físicas | ilustraciones |
| 336 ## - TIPO DE CONTENIDO | |
| Fuente | rdacontent |
| Término de tipo de contenido | texto |
| 337 ## - TIPO DE MEDIO | |
| Fuente | rdamedia |
| Nombre/término del tipo de medio | sin medio |
| 338 ## - TIPO DE SOPORTE | |
| Fuente | rdacarrier |
| Nombre/término del tipo de soporte | volumen |
| 490 #0 - MENCIÓN DE SERIE | |
| Mención de serie | Catalogos de arquitectura mexicana |
| 520 ## - SUMARIO, ETC. | |
| Sumario, etc. | Recopilación de proyectos representativos del arquitecto mexicano Augusto H. Álvarez, con documentación gráfica y análisis de su aportación a la arquitectura moderna y funcionalista en México. |
| 600 #1 - PUNTO DE ACCESO ADICIONAL DE MATERIA--NOMBRE DE PERSONA | |
| Nombre de persona | Alvarez, Augusto H., |
| Fechas asociadas al nombre | 1914- |
| 610 #2 - PUNTO DE ACCESO ADICIONAL DE MATERIA--NOMBRE DE ENTIDAD CORPORATIVA | |
| Nombre de entidad corporativa o nombre de jurisdicción como elemento de entrada | Augusto H. Alvarez, Arquitecto y Asociados |
| Subdivisión de forma | Catalogos |
| 9 (RLIN) | 33951 |
| 650 ## - PUNTO DE ACCESO ADICIONAL DE MATERIA--TÉRMINO DE MATERIA | |
| Término de materia o nombre geográfico como elemento de entrada | Arquitectura modern |
| Subdivisión geográfica | Mexico |
| Subdivisión de forma | Catalogos |
| Subdivisión general | Siglo XX |
| 9 (RLIN) | 33952 |
| 700 #1 - PUNTO DE ACCESO ADICIONAL--NOMBRE DE PERSONA | |
| Nombre de persona | Creixell, Antonio, |
| Término indicativo de función/relación | prologuista |
| 9 (RLIN) | 33953 |
| 942 ## - ELEMENTOS DE PUNTO DE ACCESO ADICIONAL (KOHA) | |
| Fuente del sistema de clasificación o colocación | Library of Congress Classification |
| Tipo de ítem Koha | Libros |
| Suprimir en OPAC | 1 |
No items available.